Quiz o powiecie bieszczadzkim - Statystyki

Ogólne statystyki
  • Ten quiz został rozwiązany 24 razy
  • Średni wynik to 14 z 20
Statystyki odpowiedzi
Pytanie Odpowiedź % Poprawnych
Jaki park narodowy leży na terenie tego powiatu? Bieszczadzki P. N.
100%
Jak nazywa się miasto leżące w tym powiecie? Ustrzyki Dolne
100%
Jakie tablice rejestracyjne obowiązują w powiecie bieszczadzkim? RBI
95%
Dwie najdłuższe rzeki powiatu bieszczadzkiego San
95%
Jaki jest najwyższy szczyt tego powiatu? Tarnica (1346 m n.p.m.)
95%
Jakie państwa sąsiadują z tym powiatem? Ukraina
95%
Jakie powiaty sąsiadują z powiatem bieszczadzkim? przemyski
89%
Jakie państwa sąsiadują z tym powiatem? Słowacja
89%
Jakie powiaty sąsiadują z powiatem bieszczadzkim? leski
84%
Jakie gminy wiejskie leżą w tym powiecie? Lutowiska
79%
Jakie zwierzę widnieje na logo parku? Ryś
79%
W jakiej miejscowości znajduje się dyrekcja parku? Ustrzyki Górne
74%
W jakim województwie leżał powiat w latach 1975–1998? Województwie {krośnieńskim}
74%
Jakie gminy wiejskie leżą w tym powiecie? Czarna
68%
Jakie są podstawowe gałęzie gospodarki powiatu bieszczadzkiego? Turystyka
68%
Jakie są podstawowe gałęzie gospodarki powiatu bieszczadzkiego? Rolnictwo
47%
Dwie najdłuższe rzeki powiatu bieszczadzkiego Strwiąż
42%
Jakie parki krajobrazowe stanowią otulinę tego parku narodowego? Ciśniańsko-Wetliński Park Krajobrazowy
32%
Jakie parki krajobrazowe stanowią otulinę tego parku narodowego? Park Krajobrazowy Doliny Sanu
26%
Kto jest starostą powiatu bieszczadzkiego? Marek Andruch
16%
Nie znaleziono quizów pasujących do podanych kryteriów
Rozkład punktacji
Procent ludzi z każdym wynikiem
Percentyl według liczby udzielonych odpowiedzi
Twoja historia wyników
Nie rozwiązałeś tego quizu